[Event "Florianopolis op 4th"]
[Site "Florianopolis"]
[Date "2018.01.20"]
[Round "2"]
[White "De Lima, Saulo da Silva Beze"]
[Black "Pereira, Silvio Cunha"]
[Result "1/2-1/2"]
[WhiteElo "2052"]
[BlackElo "2291"]
[PlyCount "141"]
[EventDate "2018.01.19"]
[EventType "swiss"]
[EventRounds "10"]
[EventCountry "BRA"]
[SourceTitle "CBM 182 Extra"]
[Source "ChessBase"]
[SourceDate "2018.02.23"]
[SourceVersion "1"]
[SourceVersionDate "2018.02.23"]
[SourceQuality "1"]

1. d4 f5 2. e4 fxe4 3. Nc3 Nf6 4. Bg5 g6 5. f3 e3 6. Bxe3 Bg7 7. Qd2 Nc6 8. 0-0-0 0-0 9. Bh6 e5 10. Bxg7 Kxg7 11. d5 Nd4 12. Nge2 Nf5 13. h4 h5 14. Qg5 d6 15. g4 Nh6 16. Ng3 Nf7 17. Nxh5+ Nxh5 18. Qxd8 Nxd8 19. gxh5 gxh5 20. Rg1+ Kf7 21. Rg5 Ke7 22. Be2 Nf7 23. Rxh5 Bd7 24. Rh1 Rg8 25. Bd3 c5 26. Rh7 c4 27. Be4 b5 28. Rf1 Rh8 29. Rxh8 Rxh8 30. Rh1 b4 31. Nd1 Ng5 32. Kd2 Nh3 33. Ne3 Nf4 34. Nxc4 Be8 35. Ne3 Bf7 36. c3 bxc3+ 37. bxc3 Rb8 38. Kc2 Be8 39. Nf5+ Kd7 40. Rg1 Bg6 41. h5 Bxf5 42. Bxf5+ Ke7 43. Rg7+ Kf6 44. h6 Kxf5 45. h7 Rh8 46. c4 a5 47. Kd2 Nh5 48. Rd7 Nf6 49. Rxd6 Rxh7 50. c5 e4 51. Ke2 Rh2+ 52. Ke3 exf3 53. Kxf3 Rxa2 54. Ke3 Ne4 55. Rc6 Ke5 56. d6 Ra3+ 57. Ke2 Nf6 58. Rc7 Rc3 59. Re7+ Kd5 60. Rf7 Rxc5 61. Rxf6 Kc4 62. Rf4+ Kb3 63. Kd3 Rc8 64. Rf7 Rh8 65. Rb7+ Ka3 66. d7 a4 67. Kc4 Ka2 68. Kb5 a3 69. Kc6 Ka1 70. Kc7 a2 71. d8Q 1/2-1/2

[Event "Sao Paulo Cordioli Memorial"]
[Site "Sao Paulo"]
[Date "2015.09.05"]
[Round "1"]
[White "Storch, Debora Landshoff"]
[Black "De Lima, Saulo da Silva Beze"]
[Result "0-1"]
[WhiteElo "1342"]
[BlackElo "2021"]
[PlyCount "50"]
[EventDate "2015.09.05"]
[EventType "swiss"]
[EventRounds "6"]
[EventCountry "BRA"]
[SourceTitle "EXT 2016"]
[Source "ChessBase"]
[SourceDate "2015.10.08"]
[SourceVersion "1"]
[SourceVersionDate "2015.10.08"]
[SourceQuality "1"]

1. c4 Nf6 2. g3 e5 3. Bg2 Be7 4. e3 d5 5. b3 Bg4 6. Ne2 c6 7. 0-0 0-0 8. d4 e4 9. f3 exf3 10. Bxf3 Nbd7 11. Nbc3 Nb6 12. cxd5 cxd5 13. Bg2 Rc8 14. Qd2 Bb4 15. a3 Bxe2 16. Qxe2 Bxc3 17. Rb1 Re8 18. Qd3 Qe7 19. b4 Ne4 20. Rb3 a6 21. Bxe4 dxe4 22. Qc2 Bxd4 23. Qd2 Bf6 24. Bb2 Nc4 25. Qe2 Nxb2 0-1